My Little Pony - Mane 6 - Statistiques

Statistiques générales
  • Ce quiz a été pris 117 fois
  • Le résultat moyen est 5 sur 6
Statistiques - réponses
Élément d'harmonie Poney % Correct
Générosité Rarity
99%
Honnêteté Applejack
97%
Bonté Fluttershy
94%
Rire / Dérision Pinkie Pie
91%
Loyauté Rainbow Dash
91%
Magie Twilight Sparkle
78%
Aucun quiz correspondant
Distribution des résultats
% des personnes avec chaque résultat
Percentile par nombre de réponses
Votre historique - résultats
Vous n’avez pas pris ce quiz